Ciencia y tecnología de materiales: problemas y cuestiones
Guardat en:
| Autors principals: | , , , |
|---|---|
| Format: | Llibre |
| Idioma: | espanyol |
| Publicat: |
Madrid
Pearson Educación
2005
|
| Edició: | 1a. ed |
| Matèries: | |
| Etiquetes: |
Afegir etiqueta
Sense etiquetes, Sigues el primer a etiquetar aquest registre!
|
MARC
| LEADER | 00000nam a2200000 a 4500 | ||
|---|---|---|---|
| 001 | UCJ1806 | ||
| 003 | CL-VaPUC | ||
| 008 | 061117e20050000SP |||||||||||||||||spa|d | ||
| 020 | |a 8420542490 | ||
| 082 | 0 | 4 | |a 620.11 |b CEM |2 21 |
| 100 | 0 | |a Cembrero Cil, Jesús |e author |9 502528 | |
| 700 | 0 | |a Ferrer Giménez, Carlos |e author |9 502529 | |
| 700 | 0 | |a Pascual Guillamón, Manuel |e author |9 502530 | |
| 700 | 0 | |a Pérez Puig, Miguel Angel |e author |9 502531 | |
| 245 | 1 | 0 | |a Ciencia y tecnología de materiales: problemas y cuestiones |
| 250 | |a 1a. ed | ||
| 300 | |a 166 p | ||
| 942 | |c BK | ||
| 945 | |d 20061117 00:00:00 |a cmena | ||
| 260 | |a Madrid |b Pearson Educación |c 2005 | ||
| 650 | 0 | |a Propiedades de los materiales |9 465461 | |
| 650 | 0 | |a Propiedades mecánicas |9 262507 | |
| 650 | 0 | |a Resistencia de materiales |9 260095 | |
| 650 | 7 | |a CORROSION |2 CL-VaPUC |9 271912 | |
| 650 | 0 | |a Estructura atómica |9 259944 | |
| 583 | |a last modification |c 20061117 00:00:00 |k Rodrigo Vera | ||
| 999 | |c 318253 |d 318251 | ||